<?xml version="1.0" encoding="UTF-8"?>
<record
    xmlns:xsi="http://www.w3.org/2001/XMLSchema-instance"
    xsi:schemaLocation="http://www.loc.gov/MARC21/slim http://www.loc.gov/standards/marcxml/schema/MARC21slim.xsd"
    xmlns="http://www.loc.gov/MARC21/slim">

  <leader>01970nab a22002177a 4500</leader>
  <datafield tag="999" ind1=" " ind2=" ">
    <subfield code="c">5780</subfield>
    <subfield code="d">5780</subfield>
  </datafield>
  <controlfield tag="003">OSt</controlfield>
  <controlfield tag="005">20260106131402.0</controlfield>
  <controlfield tag="008">190514b        xxu||||| |||| 00| 0 spa d</controlfield>
  <datafield tag="040" ind1=" " ind2=" ">
    <subfield code="c">PJ</subfield>
  </datafield>
  <datafield tag="100" ind1=" " ind2=" ">
    <subfield code="9">3937</subfield>
    <subfield code="a">Carlucci, Fabiana</subfield>
  </datafield>
  <datafield tag="245" ind1="1" ind2="3">
    <subfield code="a">Condominio en los bienes gananciales. Principales problemas /</subfield>
    <subfield code="c">Fabiana Carlucci.</subfield>
  </datafield>
  <datafield tag="300" ind1=" " ind2=" ">
    <subfield code="a">p. 62-72</subfield>
  </datafield>
  <datafield tag="505" ind1=" " ind2=" ">
    <subfield code="a">Sumario: I. Aproximaci&#xF3;n al tema.&#x2014; II. El condominio entre c&#xF3;nyuges antes de la vigencia del C&#xF3;d. Civ. y Com.&#x2014; III. La normativa introducida por el C&#xF3;d. Civ. y Com.&#x2014; IV. Objetivo de estas l&#xED;neas.&#x2014; V. Reconocimiento expreso de la ley en torno al condominio entre c&#xF3;nyuges, sean los bienes propios o gananciales. La eventual presencia de un tercer cond&#xF3;mino.&#x2014; VI. Cotitularidades que no importan estrictamente condominio.&#x2014; VII. Administraci&#xF3;n del bien ganancial adquirido por ambos c&#xF3;nyuges.&#x2014; VIII. Disposici&#xF3;n del bien ganancial adquirido por ambos c&#xF3;nyuges.&#x2014; IX. Administraci&#xF3;n y disposici&#xF3;n de la cuota ganancial del bien adquirido por ambos c&#xF3;nyuges.&#x2014; X. Administraci&#xF3;n del bien com&#xFA;n por uno solo de los c&#xF3;nyuges mediante mandato. Obligaci&#xF3;n de rendir cuentas.&#x2014; XI. Uso y goce de la cosa.&#x2014; XII. Derecho de los acreedores de ambos c&#xF3;nyuges sobre los bienes gananciales en condominio. Pasivo provisorio y definitivo.&#x2014; XIII. Frutos del bien en condominio ganancial.&#x2014; XIV. Divisi&#xF3;n y partici&#xF3;n del condominio vigente en la comunidad de bienes.&#x2014; XV. Forma de la partici&#xF3;n. Renuncia al 50 % por uno de los c&#xF3;nyuges.&#x2014; XVI. Un aspecto procesal. Competencia.&#x2014; XVII. Reflexiones con final abierto.</subfield>
  </datafield>
  <datafield tag="505" ind1=" " ind2=" ">
    <subfield code="t">Si te interesa el texto, comunicate a koha@justierradelfuego.gov.ar</subfield>
  </datafield>
  <datafield tag="650" ind1=" " ind2="0">
    <subfield code="9">967</subfield>
    <subfield code="a">DERECHO DE FAMILIA</subfield>
  </datafield>
  <datafield tag="650" ind1=" " ind2="0">
    <subfield code="a">CODIGO CIVIL Y COMERCIAL</subfield>
    <subfield code="9">1497</subfield>
  </datafield>
  <datafield tag="650" ind1=" " ind2="0">
    <subfield code="a">CONDOMINIO</subfield>
    <subfield code="9">2253</subfield>
  </datafield>
  <datafield tag="650" ind1=" " ind2="0">
    <subfield code="a">C&#xD3;NYUGE</subfield>
    <subfield code="9">5369</subfield>
  </datafield>
  <datafield tag="773" ind1="0" ind2=" ">
    <subfield code="0">2844</subfield>
    <subfield code="9">3222</subfield>
    <subfield code="d">Buenos Aires : AbeledoPerrot, 1989-</subfield>
    <subfield code="t">Derecho de familia. N&#xB0; 115 - Julio 2024</subfield>
    <subfield code="z">18511201</subfield>
  </datafield>
  <datafield tag="942" ind1=" " ind2=" ">
    <subfield code="2">udc</subfield>
    <subfield code="c">ANA</subfield>
  </datafield>
</record>
